| 000 | 02284nam0a2200421 4500 | ||
|---|---|---|---|
| 001 | RU\NLR\BIBL_A\016308447 | ||
| 005 | 20230320125622.0 | ||
| 010 |
_a978-5-6048081-0-8 _9300 |
||
| 021 |
_aRU _bКН-П-23-005621 _9КН-П-23-0549 |
||
| 035 | _a(NLR Aleph) 016308447 | ||
| 035 | _a(RuMoRGB)011566722 | ||
| 090 |
_a12994996 _c12994996 |
||
| 100 | _a20230313d2022 k y0rusy50 ca | ||
| 101 | 0 |
_arus _deng |
|
| 102 | _aRU | ||
| 105 | _aab z 010zy | ||
| 181 | 0 |
_ai3 _baxxe |
|
| 182 | 0 | _an | |
| 200 | 1 |
_aРазнообразие и структура таксоценов бентосных диатомовых водорослей (Bacillariophyta) Чёрного моря _dDiversity and structure of benthic diatom taxocenes (Bacillariophyta) of the Black Sea _fЕ. Л. Неврова _gФедеральный исследовательский центр "Институт биологии южных морей имени А. О. Ковалевского Российской академии наук" _zeng |
|
| 203 |
_aТекст _bвизуальный _cнепосредственный |
||
| 210 |
_aСевастополь _cФИЦ ИнБЮМ _d2022 |
||
| 215 |
_a329 с. _cил., карты, табл., цв. ил. _d26 |
||
| 300 | _aАвт. также на англ. яз.: E. L. Nevrova | ||
| 300 | _aРез. англ. | ||
| 300 | _aНа авантит.: К 150-летию Института биологии южных морей имени А. О. Ковалевского | ||
| 320 | _aБиблиогр.: с. 258-277 | ||
| 510 | 1 |
_6z44790 _aDiversity and structure of benthic diatom taxocenes (Bacillariophyta) of the Black Sea _zeng |
|
| 606 | 1 |
_aДиатомовые водоросли _xБиоразнообразие _yЧёрное море _2nlr_sh2 _3RU\NLR\AUTH\6601720531 |
|
| 606 | 1 |
_aДиатомовые водоросли _xТаксономия _yЧёрное море _2nlr_sh2 _3RU\NLR\AUTH\6601720532 |
|
| 675 |
_a582.261:574.587.06 _v4 |
||
| 686 | 1 | _aЕ591.22(922.8) | |
| 686 | 1 | _aЕ581.81(922.8) | |
| 700 | 1 |
_aНеврова _bЕ. Л. _gЕлена Леонидовна |
|
| 790 | 1 |
_6z44510 _aNevrova _bE. L. _gElena Leonidovna |
|
| 942 | _cBOOK | ||
| 980 | _aNB | ||